000
00348nam a2200145Ia 4500
008
100122s9999 xx 000 0 und d
082
_b
21623
_a
927
100
_a
CHAPLIN CHARLES
245
_a
MY AUTOBIOGRAPHY
260
_b
SIMON & SCHUSTER
_c
1964
300
_a
338
630
_a
MY AUTOBIOGRAPHY
730
_a
MY AUTOBIOGRAPHY
942
_c
BOOK
999
_c
366889
_d
366886